000 00805nam a22001935i 4500
001 154564
003 ES-MaACL
005 20230906205759.0
008 010621s1882 sp |||| | spa d
040 _aCCPB | B
_bspa
_cCCPB | B
100 1 _aGonzález de Linares, Gervasio.
_9127442
245 1 3 _aLa agricultura y la administración municipal
_b: estudios políticos, administrativos y agronómicos de carácter experimental ... /
_cpor Gervasio González de Linares.
260 _aMadrid :
_b[s.n.],
_c1882 (
_festablecimiento tipográfico de El Correo, á cargo de F. Férnandez)
300 _aXXII, 746, XVIII p. ;
_c24 cm.
650 4 _aAgricultura-
_zEspaña.
_99680
650 4 _aAdministración municipal.
_9135500
752 _aEspaña -
_dMadrid
852 _aES-MaACL
_jF-7989
_z-- Enc. hol.
999 _c154564
_d154564